Online
Catalog

La presencia china en el Gran Caribe : (Record no. 52896)

MARC details
000 -CABECERA
campo de control de longitud fija 01773nam a2200397 i 4500
003 - IDENTIFICADOR DEL NÚMERO DE CONTROL
campo de control DO-SdBNP
005 - FECHA Y HORA DE LA ÚLTIMA TRANSACCIÓN
campo de control 20241003125857.0
007 - CAMPO FIJO DE DESCRIPCIÓN FÍSICA--INFORMACIÓN GENERAL
campo de control de longitud fija ta
008 - DATOS DE LONGITUD FIJA--INFORMACIÓN GENERAL
campo de control de longitud fija 221111e2022 dr aodbgr|||| 001 edspa d
020 ## - NÚMERO INTERNACIONAL ESTÁNDAR DEL LIBRO
Número Internacional Estándar del Libro 9789945221930
040 ## - FUENTE DE LA CATALOGACIÓN
Centro catalogador/agencia de origen DO-SdBNP
Lengua de catalogación spa
Centro/agencia transcriptor BNPHU
Normas de descripción rda
041 ## - CÓDIGO DE LENGUA
Código de lengua del texto/banda sonora o título independiente spa
082 #4 - NÚMERO DE LA CLASIFICACIÓN DECIMAL DEWEY
Número de clasificación 304.87293051
Número de documento/Ítem P933c
Número de edición 22
245 03 - MENCIÓN DE TÍTULO
Título La presencia china en el Gran Caribe :
Resto del título ayer y hoy /
Mención de responsabilidad, etc. coordinadora, Mukien Adriana Sang Ben ; cuidado de edición, Antonio Vidal, Wilson Genao, Virginia Flores Sasso, Jesús R. Navarro Zerpa.
250 ## - MENCIÓN DE EDICIÓN
Mención de edición Primera edición
264 #4 - PRODUCCIÓN, PUBLICACIÓN, DISTRIBUCIÓN, FABRICACIÓN Y COPYRIGHT
Producción, publicación, distribución, fabricación y copyright Santo Domingo :
Nombre del de productor, editor, distribuidor, fabricante Centro de Estudios Caribeños (PUCMM),
Fecha de producción, publicación, distribución, fabricación o copyright ©2022.
300 ## - DESCRIPCIÓN FÍSICA
Extensión 982 páginas :
Otras características físicas ilustraciones, fotografías, gráficos, mapas ;
Dimensiones 23 cm
336 ## - TIPO DE CONTENIDO
Término de tipo de contenido texto
Código de tipo de contenido txt
Fuente rdacontent
337 ## - TIPO DE MEDIO
Nombre/término del tipo de medio sin mediación
Código del tipo de medio n
Fuente rdamedia
338 ## - TIPO DE SOPORTE
Nombre/término del tipo de soporte volumen
Código del tipo de soporte nc
Fuente rdacarrier
500 ## - NOTA GENERAL
Nota general Incluye notas al pie de las páginas
500 ## - NOTA GENERAL
Nota general Incluye bibliografía al final de los capítulos
590 ## - NOTA LOCAL (RLIN)
Nota local Inventariado 2024/BT
650 #4 - PUNTO DE ACCESO ADICIONAL DE MATERIA--TÉRMINO DE MATERIA
9 (RLIN) 82033
Término de materia o nombre geográfico como elemento de entrada Inmigrantes
Subdivisión geográfica Caribe (Región)
Subdivisión cronológica Siglo XIX - XX
650 #4 - PUNTO DE ACCESO ADICIONAL DE MATERIA--TÉRMINO DE MATERIA
9 (RLIN) 39104
Término de materia o nombre geográfico como elemento de entrada Chinos en Caribe (Región)
Subdivisión general Historia
Subdivisión cronológica Siglo XIX - XX
Subdivisión geográfica Caribe
650 #4 - PUNTO DE ACCESO ADICIONAL DE MATERIA--TÉRMINO DE MATERIA
9 (RLIN) 80869
Término de materia o nombre geográfico como elemento de entrada Chinos en Cuba
Subdivisión general Historia
Subdivisión cronológica Siglo XIX - XX
650 #4 - PUNTO DE ACCESO ADICIONAL DE MATERIA--TÉRMINO DE MATERIA
Término de materia o nombre geográfico como elemento de entrada Chinos en República Dominicana
Subdivisión general Historia
Subdivisión cronológica Siglo XIX-XX
9 (RLIN) 86656
650 #4 - PUNTO DE ACCESO ADICIONAL DE MATERIA--TÉRMINO DE MATERIA
Término de materia o nombre geográfico como elemento de entrada Chinos en el Caribe (Región)
Subdivisión general Aspectos económicos
-- Historia
Subdivisión cronológica Siglo XIX-XX
9 (RLIN) 86657
700 1# - PUNTO DE ACCESO ADICIONAL--NOMBRE DE PERSONA
Nombre de persona Sang Ben, Mukien Adriana,
Término indicativo de función/relación coordinador
Código de función/relación coord.
9 (RLIN) 68060
700 1# - PUNTO DE ACCESO ADICIONAL--NOMBRE DE PERSONA
Nombre de persona Vidal, Antonio,
Término indicativo de función/relación editor
Código de función/relación ed.
9 (RLIN) 86652
700 1# - PUNTO DE ACCESO ADICIONAL--NOMBRE DE PERSONA
Nombre de persona Genao, Wilson,
Término indicativo de función/relación editor
Código de función/relación ed.
9 (RLIN) 82804
700 1# - PUNTO DE ACCESO ADICIONAL--NOMBRE DE PERSONA
Nombre de persona Flores Sasso, Virginia,
Término indicativo de función/relación editor
Código de función/relación ed.
9 (RLIN) 77827
700 1# - PUNTO DE ACCESO ADICIONAL--NOMBRE DE PERSONA
Nombre de persona Navarro Zerpa, Jesús R.
Término indicativo de función/relación editor
Código de función/relación ed.
9 (RLIN) 73422
910 ## - DATOS DE OPCIÓN DEL USUARIO (OCLC)
Datos de opción del usuario Btavárez/Validado. Control de calidad MFF
942 ## - ELEMENTOS DE PUNTO DE ACCESO ADICIONAL (KOHA)
Fuente del sistema de clasificación o colocación Dewey Decimal Classification
Tipo de ítem Koha Libro
Holdings
Estado de retiro Estado de pérdida Fuente del sistema de clasificación o colocación Restricciones de uso No para préstamo Código de colección Localización permanente Ubicación/localización actual Ubicación en estantería Fecha de adquisición Fuente de adquisición Total de préstamos Signatura topográfica completa Código de barras Fecha visto por última vez Precio válido a partir de Tipo de ítem Koha Número de copia
    Dewey Decimal Classification Excluido de préstamo   Patrimonio Dominicano Biblioteca Nacional Pedro Henríquez Ureña Biblioteca Nacional Pedro Henríquez Ureña Depósito 09.05.2022 Depósito Legal   BNPHU PD 304.87293051 P933c 2022-5237 11.11.2022 11.11.2022 Libro  
    Dewey Decimal Classification Excluido de préstamo   Patrimonio Dominicano Biblioteca Nacional Pedro Henríquez Ureña Biblioteca Nacional Pedro Henríquez Ureña Depósito 09.05.2022 Depósito Legal   BNPHU PD 304.87293051 P933c 2022-5238 11.11.2022 11.11.2022 Libro e.2

Powered by Koha